Algunos problemas técnico jurídicos de una nueva constitución
Saved in:
| Hovedforfatter: | |
|---|---|
| Format: | Bog |
| Sprog: | spansk |
| Udgivet: |
Valparaíso
Edeval
1978
|
| Serier: | Temas de Derecho Constitucional, 1
|
| Fag: | |
| Tags: |
Tilføj Tag
Ingen Tags, Vær først til at tagge denne postø!
|
MARC
| LEADER | 00000nam a2200000 a 4500 | ||
|---|---|---|---|
| 001 | UCT9710 | ||
| 003 | CL-VaPUC | ||
| 008 | 970411e19780000CL |||||||||||||||||spa|d | ||
| 082 | 0 | 4 | |a 342.83 |b SCH |2 21 |
| 100 | 0 | |a Schiessler Quezada, Guillermo |e author |9 382646 | |
| 245 | 1 | 0 | |a Algunos problemas técnico jurídicos de una nueva constitución |
| 300 | |a 71 p | ||
| 942 | |c BK | ||
| 945 | |d 19970411 00:00:00 |a paguirre | ||
| 260 | |a Valparaíso |b Edeval |c 1978 | ||
| 650 | 7 | |a CONSTITUCION 1925 |2 CL-VaPUC |9 258619 | |
| 650 | 0 | |a Constituciones |9 255417 | |
| 650 | 0 | |a Derecho constitucional |9 222588 | |
| 650 | 7 | |a DERECHO A LA LIBERTAD DE PENSAMIENTO |2 CL-VaPUC |9 380421 | |
| 650 | 0 | |a Derechos civiles y políticos |9 338684 | |
| 650 | 0 | |a Derechos humanos |9 223025 | |
| 651 | 7 | |a CHILE |2 CL-VaPUC |9 382647 | |
| 583 | |a last modification |c 19970411 00:00:00 |k Rodrigo Vera | ||
| 490 | 0 | |a Temas de Derecho Constitucional, 1 | |
| 999 | |c 258089 |d 258087 | ||
| 952 | |0 0 |1 0 |2 ddc |4 0 |6 342_830000000000000_SCH_1978 |7 0 |8 A |9 281887 |a BIBDER |b BIBDER |d 2019-11-19 |i 1828967 |o 342.83 SCH 1978 |p 1828967 |r 2019-11-19 |w 2019-11-19 |y MX |k DER | ||
| 952 | |0 0 |1 0 |2 ddc |4 0 |6 342_830000000000000_SCH_1978 |7 0 |8 A |9 281888 |a BIBDER |b BIBDER |d 2019-11-19 |i 1828975 |o 342.83 SCH 1978 |p 1828975 |r 2023-01-25 |w 2019-11-19 |y MX |k DER | ||
| 952 | |0 0 |1 0 |2 ddc |4 0 |6 342_830000000000000_SCH_1978 |7 0 |8 A |9 281890 |a BIBDER |b BIBDER |d 2019-11-19 |i 1828991 |o 342.83 SCH 1978 |p 1828991 |r 2023-01-25 |w 2019-11-19 |y MX |k DER | ||